000 00261nam a2200121 a 4500
005 20260322212055.0
008 data
092 _a289
110 2 _aVarious Artists
245 1 0 _aSmooth jazz hits
_cVarious Artists.
260 _bConcord Music Group
_c2009
001 data
999 _c1310
_d1310